000 00979nam a2200337 a 4500
001 vtls000068269
003 NLI
005 20210601192628.0
008 101125s1999 ii a 000 0 eng
020 _a442804990 :
_cRs. 75.00
039 9 _y201011250706
_zVLOAD
040 _aNLI
_beng
_cVTLS
_eAACR2
041 0 _aeng
044 _aii
082 0 4 _a530.76
100 1 _aMukherji, Deb
_9165251
245 1 0 _aPhysics MCQ /
_cDeb Mukherji
246 0 3 _aPhysics MCQ multiple-choice-question bank
_bfor IIT and Roorkee Screening Tests
260 _aPatna :
_bBharati Bhawan,
_c1999
300 _aviii, various paging :
_bill. ;
_c21 cm.
650 0 _aPhysics
_xProblems, exercise, etc
_9138229
650 0 _aMechanics
_931705
650 0 _aSounds
_933849
887 _a Arjun
901 _aDB77373
_b17.12.1999
902 _aE530.76 M896
905 _aArjun
906 _a0012626
949 _AVIRTUAITEM
_D10000
_X100
_6DBA000077373ENG
942 _2ddc
_cBKS
999 _aVIRTUA00
_c71995
_d71995